000
00247nam a22001097a 4500
008
170125b xxu||||| |||| 00| 0 eng d
020
_a
9780073039862
041
_a
eng
080
_2
3RD
_a
61
245
_a
MEDICAL ETHICS
_c
PENCE, G.E
942
_2
udc
_c
BK
999
_c
3674
_d
3674